000 00877cam a22002411a 4500
001 war11000018
003 DLC
005 20260227112809.0
008 851031q1911 nyu 000 0 eng c
010 _awar11000018
035 _a(OCoLC)12744920
040 _aU.S. Engineer School Libr.
_cNWM
_dNWM
_dOCoLC
_dDLC
042 _apremarc
050 0 0 _aHE393
_b.B6
100 1 _aBixby, William Herbert,
_d1849-1928.
245 1 0 _aRiver and harbor improvements under the Corps of Engineers, U.S. Army :
_ban address delivered before the National Rivers and Harbors Congress, held at Washington, D.C., December 8, 1910.
260 _a[New York :
_bEngineering News Pub. Co. ;
_c1911?].
300 _a[6] p. ;
_c26 cm.
500 _aCover title.
650 0 _aRivers
_zUnited States.
650 0 _aHarbors
_zUnited States.
650 0 _aInland water transportation
_zUnited States.
999 _c92168
_d92168